000 00259nam a2200109Ia 4500
008 200302s9999 xx 000 0 und d
100 _aSatish Tiwari
245 _aUrban Development
260 _bAnmol Publication Pvt. Ltd.
260 _c2000
300 _a302 P.,
999 _c1106
_d1106